This morning : woolcraft

Bibliographic Details
Format: Book
Published: London : BBC Books , 1993
Subjects:

MARC

LEADER 00000cam a2200000 7i4500
001 0000037372
005 20131001.0
008 131001
020 |a 0563367946 
090 0 0 |a 746.4   |b WOO 
245 1 0 |a This morning :   |b woolcraft   |c edited by Liz Bloor 
260 |a London :   |b BBC Books ,   |c 1993 
650 0 |a Crocheting   |x Patterns 
650 0 |a Knitting   |x Patterns 
650 0 |a Needlework   |x Patterns 
999 |a 0000545651   |b Book   |c Adult Collection   |e Cawangan Bandar Penawar 
999 |a 0000545653   |b Book   |c Adult Collection   |e Cawangan Pontian 
999 |a 0000571829   |b Book   |c Adult Collection   |e Cawangan Pontian 
999 |a 0000776435   |b Book   |c Adult Collection   |e Cawangan Pontian 
999 |a 0000794446   |b Book   |c Adult Collection   |e Cawangan Segamat 
999 |a 0001243495   |b Book   |c Adult Collection   |e Perbadanan Perpustakaan Awam Johor